000 005180000a22001930004500
001 003913
003 MACL
005 20150812121320.0
008 150812b xxu||||| |||| 00| 0 eng d
040 _aMACL
_cMACL
041 _aEnglish
082 _a370.113/SHA
100 _aSharma, Sita Ram
_91925
245 _aA Handbook Schemes For Technical And Management Education
_cSita Ram Sharma
260 _aDelhi
_c1998
_bMangal Deep Publications,
350 _a375
650 _aEducation
_94888
942 _k370
_cBK
_2ddc
999 _c15806
_d15806